000 00540nam a22001697a 4500
003 OSt
005 20240926012134.0
008 240926b |||||||| |||| 00| 0 eng d
040 _c0
082 _aDPer 050 R22 2000 January-May 2023 v123 no. 719-723
100 _aAgrawal, Ridhi.
_eauthor.
_961674
245 _aAt the museum of memories /
_cRidhi Agrawal.
260 _aTaipei ;
_bReader's Digest Asia,
_cMarch 2023.
300 _aVolume 123, pages 8-10 ,
_billustration.
700 _aAgrawal, Ridhi.
_eauthor.
_961674
942 _2ddc
_cPER
999 _c21887
_d21887